000
00206 a2200097 4500
001
45214
100
_a
parkinson L.R
245
_a
Aerodynamics
260
_a
New York
_b
Macmillan
_c
090
_c
28403
_d
28403
942
_a
NUST-CAE
_c
M
_c
20451
999
_c
280287
_d
280287